Język przełomu - przełom w języku? Październik 1956 roku w tekstach "Po Prostu"

Titel: Język przełomu - przełom w języku? Październik 1956 roku w tekstach "Po Prostu"
Verfasser:
In: Wrocławskie Towarzystwo Naukowe. Komisja Językowa: Rozprawy Komisji Językowej, Band 27 (2001), Seite 105-117
alle Artikel anzeigen
Veröffentlicht: 2001
Format: Aufsatz
Sprache: Polnisch
Kein Bild verfügbar
X
alg: 39384160
001A    $01999:12-11-16 
001B    $01999:28-05-21 $t19:21:16.000 
001C    $06050:19-11-16 $t08:50:35.000 
001D    $01999:12-11-16 
001U    $0utf8 
001X    $00 
002@    $0Aox 
003@    $039384160X 
007A    $039384160X $aHEB 
007T    $0Herdk07483 
010@    $apol 
011@    $a2001 
021A    $aJęzyk przełomu - przełom w języku? Październik 1956 roku w tekstach "Po Prostu" 
028A    $aSkiba $dSabina 
031A    $d27 $h105-117 $j2001 
039B    $aIn $8--Abvc--Wrocławskie Towarzystwo Naukowe$bKomisja Językowa [Tb1]. Rozprawy Komisji Językowej. - Wrocław {[u.a.] : Państw. Wydawn. Naukowe, 1959-2015. - ISSN 0084-2990 $x200100000270000895 $9047286199 
045F    $a417.709438 $eDDC23BSB 
045F/01 $a417.7 
045F/03 $g438 
045T    $a7,11 $a7,39 
045T    $aLING $qDE-30 $2FID 

lok: 39384160 78

exp: 39384160 78 1 #EPN
201B/01 $018-11-16 $t09:54:41.000 
201U/01 $0utf8 
203@/01 $0789952106 
208@/01 $a12-11-16 $be 
209A/01 $a/ $f000 $x00 
220C/01 $aTitelaufnehmer: pbb 
220C/01 $aHerkunft: IH PAN/PBB Kraków 
244Z/01 $2Trx $#Poola $#Lenkija $#Polija $#Polen Land $#Poland $#Lengyelország $#Poľsko $#Polsko $8--Trx--Polska$gkraj $x01 $9391345966 
244Z/01 $aGeschichte 1956-1957 $x02 
244Z/01 $2Trx $#rahutused Poola 1956 $#1956 m. neramumai Lenkijoje $#Polish uprising 1956 $#zavargások Lengyelország 1956 $#Październik 1956 Polska $#október 1956 Poľsko $#říjen 1956 Polsko $#Tauwetter Polen 1956 $#Odwilż 1956 $#odmäk Poľsko 1956 $8--Trx--Unruhen$gPolen 1956 $x03 $9391367978 
244Z/01 $2Trx $#ajalehed $#spauda $#Print media $#sajtó $#prasa $#tlač $#tisk $#Zeitungen $#press $#gazety $8--Trx--Presse $x04 $9391383264 
244Z/01 $2Trx $#keel, poola $#kalba, lenkų $#Language, Polish $#nyelv, lengyel $#język polski $#jazyk poľský $#jazyk polský $8--Trx--Sprache, polnische $x05 $9391356968 
244Z/01 $2Trx $8--Trx--Zeitschriftenaufsatz $x06 $9391384341 
245Z/01 $a11.07 $x01 
247C/01 $82080>Marburg/Lahn, Herder-Institut, Forschungsbibliothek, Bibliographieportal $9336309341
LEADER 00000caa a22000002c 4500
001 39384160X
003 DE-603
005 20210528192116.0
007 tu
008 161112s2001 xx |||| | u00||u|pol c
035 |a (DE-599)HEB39384160X 
040 |a DE-603  |b ger  |c DE-603  |d DE-603 
041 |a pol 
082 0 4 |8 1\u  |a 417.709438  |q DE-101  |2 23/BSB 
084 |a 7,11  |a 7,39  |2 ssgn 
084 |a LING  |q DE-30  |2 fid 
085 |8 1\u  |b 417.7 
085 |8 1\u  |z 2  |s 438 
100 1 |a Skiba, Sabina 
245 0 0 |a Język przełomu - przełom w języku? Październik 1956 roku w tekstach "Po Prostu" 
264 0 |c 2001 
773 0 8 |i In  |a Wrocławskie Towarzystwo Naukowe. Komisja Językowa  |t Rozprawy Komisji Językowej  |d Wrocław ˜[u.a.] œ: Państw. Wydawn. Naukowe, 1959-2015  |x 0084-2990  |g Band 27 (2001), Seite 105-117  |w (DE-603)047286199  |w (DE-600)205639-2 
924 0 |9 2080  |a (DE-603)789952106  |b DE-2080  |c HES  |d d  |g /